<?xml version="1.0" encoding="UTF-8"?>
<marc:record xmlns:marc="http://www.loc.gov/MARC21/slim">
   <marc:leader>00000nam a2200000 a 4500</marc:leader>
   <marc:datafield ind1="1" ind2=" " tag="100">
      <marc:subfield code="a">Lutterjohann, Martin</marc:subfield>
      <marc:subfield code="4">aut</marc:subfield>
      <marc:subfield code="e">Verfasser/-in</marc:subfield>
   </marc:datafield>
   <marc:datafield ind1=" " ind2=" " tag="653">
      <marc:subfield code="a">Stadtführer</marc:subfield>
   </marc:datafield>
   <marc:datafield ind1=" " ind2=" " tag="653">
      <marc:subfield code="a">Tokio</marc:subfield>
   </marc:datafield>
   <marc:datafield ind1=" " ind2=" " tag="653">
      <marc:subfield code="a">Umgebung</marc:subfield>
   </marc:datafield>
   <marc:datafield ind1=" " ind2=" " tag="653">
      <marc:subfield code="a">Japan</marc:subfield>
   </marc:datafield>
   <marc:datafield ind1=" " ind2=" " tag="653">
      <marc:subfield code="a">City Guide</marc:subfield>
   </marc:datafield>
   <marc:datafield ind1=" " ind2=" " tag="653">
      <marc:subfield code="a">2019</marc:subfield>
   </marc:datafield>
   <marc:datafield ind1=" " ind2=" " tag="653">
      <marc:subfield code="a">Faltplan</marc:subfield>
   </marc:datafield>
   <marc:datafield ind1=" " ind2=" " tag="653">
      <marc:subfield code="a">App</marc:subfield>
   </marc:datafield>
   <marc:datafield ind1=" " ind2=" " tag="653">
      <marc:subfield code="a">Japanisch</marc:subfield>
   </marc:datafield>
   <marc:datafield ind1=" " ind2=" " tag="653">
      <marc:subfield code="a">Individualreisende</marc:subfield>
   </marc:datafield>
   <marc:datafield ind1=" " ind2=" " tag="653">
      <marc:subfield code="a">Softcover / Reisen/Reiseführer/Asien</marc:subfield>
   </marc:datafield>
   <marc:datafield ind1=" " ind2=" " tag="653">
      <marc:subfield code="a">Führer</marc:subfield>
   </marc:datafield>
   <marc:datafield ind1="0" ind2="0" tag="245">
      <marc:subfield code="a">Tokyo</marc:subfield>
   </marc:datafield>
   <marc:datafield ind1="0" ind2="0" tag="245">
      <marc:subfield code="b">mit Yokohama, Fuji, Kowagoe und Nikkō</marc:subfield>
   </marc:datafield>
   <marc:datafield ind1="0" ind2="0" tag="245">
      <marc:subfield code="c">Martin Lutterjohann</marc:subfield>
   </marc:datafield>
   <marc:datafield ind1=" " ind2="1" tag="264">
      <marc:subfield code="a">Bielefeld</marc:subfield>
      <marc:subfield code="b">Reise Know-How</marc:subfield>
      <marc:subfield code="c">2019</marc:subfield>
   </marc:datafield>
   <marc:datafield ind1="1" ind2=" " tag="490">
      <marc:subfield code="a">CityTrip Plus</marc:subfield>
   </marc:datafield>
   <marc:datafield ind1=" " ind2=" " tag="250">
      <marc:subfield code="a">9., neu bearbeitete und aktualisierte Auflage</marc:subfield>
   </marc:datafield>
   <marc:datafield ind1="1" ind2=" " tag="520">
      <marc:subfield code="a">Angaben aus der Verlagsmeldung

Reise Know-How Reiseführer Tokyo mit Yokohama (CityTrip PLUS) : mit Stadtplan und kostenloser Web-App / von Martin Lutterjohann

Dieser aktuelle Stadtführer ist der ideale Begleiter, um alle Seiten der Megametropole Tokyo / Tokio selbstständig zu entdecken:
- Die wichtigsten Sehenswürdigkeiten und Museen der Stadt sowie weniger bekannte Attraktionen und Viertel ausführlich vorgestellt und bewertet
- Faszinierende Architektur zwischen Shinto-Tempeln und modernen Glaspalästen
- Abwechslungsreiche Stadtspaziergänge durch die interessantesten Viertel
- Erlebnisvorschläge für ein langes Wochenende und darüber hinaus
- Shoppingtipps von der Mall bis zu Geschäften mit traditionellem japanischen Handwerk
- Die besten Lokale der Stadt und allerlei Wissenswertes über die japanische Küche
- Die pulsierende Klub- und Musikszene vom Kabuki-Theater bis zum angesagten Klub
- Feste feiern: ein Überblick über kulturelle Veranstaltungen und die vielen jahreszeitlichen Feste des Landes
- Mit Ausflügen nach Yokohama, zum Berg Fuji, nach Nikkō …
- Ausgewählte Unterkünfte von preiswert bis ausgefallen
- Detaillierte und verlässliche Reisetipps: Anreise, Preise, Stadtverkehr, Touren, Events, Hilfe im Notfall ...
- Hintergrundartikel mit Tiefgang: Geschichte, Mentalität der Bewohner, Leben in der Stadt ...
- Kleine Sprachhilfe Japanisch mit den wichtigsten Vokabeln für den Reisealltag.

+++ Dazu: kostenlose Web-App für Smartphone, Tablet und PC mit Stadtplan- und Satellitenansichten passend zum Text, Routenführung zu allen beschriebenen Sehenswürdigkeiten, Verlauf der Stadtspaziergänge, seitenbezogenen Updates nach Redaktionsschluss sowie einem Mini-Audiotrainer Japanisch.

++++ CityTrip PLUS - die aktuellen Stadtführer von Reise Know-How. 372 Seiten prallvoll mit nützlichen Informationen. Fundiert, übersichtlich, praktisch.
</marc:subfield>
   </marc:datafield>
   <marc:datafield ind1=" " ind2=" " tag="020">
      <marc:subfield code="a">9783831732494</marc:subfield>
      <marc:subfield code="9">9783831732494</marc:subfield>
   </marc:datafield>
   <marc:datafield ind1=" " ind2=" " tag="020">
      <marc:subfield code="a">3831732493</marc:subfield>
      <marc:subfield code="9">3831732493</marc:subfield>
   </marc:datafield>
   <marc:datafield ind1=" " ind2=" " tag="041">
      <marc:subfield code="a">ger</marc:subfield>
   </marc:datafield>
   <marc:datafield ind1=" " ind2=" " tag="300">
      <marc:subfield code="a">372 Seiten</marc:subfield>
   </marc:datafield>
</marc:record>
